The development approach to valuation (Record no. 84274)

MARC details
000 -LEADER
fixed length control field 00919cab a22002175a 4500
001 - CONTROL NUMBER
control field L157168
008 - FIXED-LENGTH DATA ELEMENTS--GENERAL INFORMATION
fixed length control field 120913s2012 xxk 000 0 eng d
035 ## - SYSTEM CONTROL NUMBER
System control number (Sirsi) u157168
041 0# - LANGUAGE CODE
Language code of text/sound track or separate title eng
100 1# - MAIN ENTRY--PERSONAL NAME
Personal name Boshoff, D.G.B.
245 04 - TITLE STATEMENT
Title The development approach to valuation
Remainder of title an acceptable method
260 ## - PUBLICATION, DISTRIBUTION, ETC.
Date of publication, distribution, etc. 2012
490 #0 - SERIES STATEMENT
Series statement The South African Valuer
Volume/sequential designation (109) July 2012, 16-20(5)
520 ## - SUMMARY, ETC.
Summary, etc. Studies in a South African context the validity of the residual land or development approach to valuation where comparable evidence is not available. Points out the shortcomings of this method but concludes that it can give accurate assessments of property values that would otherwise not have been possible.
590 ## - LOCAL NOTE (RLIN)
Local note KA
650 24 - SUBJECT ADDED ENTRY--TOPICAL TERM
Topical term or geographic name entry element ESTATE MARKS V PRETORIA CITY COUNCIL
650 24 - SUBJECT ADDED ENTRY--TOPICAL TERM
Topical term or geographic name entry element BRAAMFONTEIN CO LTD V JOHANNESBURG MUNICIPALITY
651 #4 - SUBJECT ADDED ENTRY--GEOGRAPHIC NAME
Geographic name South Africa
690 ## - LOCAL SUBJECT ADDED ENTRY--TOPICAL TERM (OCLC, RLIN)
Topical term or geographic name as entry element Valuation
9 (RLIN) 6273
942 ## - ADDED ENTRY ELEMENTS (KOHA)
Suppress in OPAC 0
Holdings
Withdrawn status Lost status Source of classification or shelving scheme Damaged status Not for loan Home library Current library Shelving location Date acquired Total Checkouts Full call number Barcode Date last seen Copy number Price effective from Koha item type
    Dewey Decimal Classification     London London Journal article 13/09/2012   L157168 157168-1001 06/08/2019 1 06/08/2019 Journal article